000 00944cam a2200253 i 4500
003 SA-RiAUC
005 20251022090818.0
008 251021s1978 ii g f000 0 ara c
040 _aJO-AmJU
_bara
_cSA-RiAUC
_erda
043 _af-mr---
082 0 4 _a210.964
090 _a210.964
_b ن د و
100 1 _aالندوي، علي الحسني،
_d1913-1999
_eمؤلف.
245 1 0 _aنحن الآن في المغرب /
_cأبو الحسن علي الحسني الندوي.
264 1 _aنيودلهي :
_bالمجلس الإسلامي العلمي،
_c1978
300 _a32 صفحة ؛
_c24 سم.
336 _aنص
_btxt
_2rdacontent
_3كتاب
337 _aبدون وسيط
_bn
_2rdamedia
338 _aمجلد
_bnc
_2rdacarrier
490 0 _aمطبوعات المجلس الإسلامي العلمي ؛
_v99
650 7 _aالإسلام
_zالمغرب
_2aucsh
942 _2ddc
_cBOOK
_n0
949 _aSA-JeALM
_d251021
_umohamedma123
_n1
999 _c12718
_d12718